[Event "Politiken Cup 20th"]
[Site "Copenhagen"]
[Date "1998.07.05"]
[Round "2"]
[White "Lonborg, Morten"]
[Black "Mortensen, Beatrix"]
[Result "1-0"]
[WhiteElo "2195"]
[BlackElo "2065"]
[PlyCount "59"]
[EventDate "1998.07.04"]
[EventType "swiss"]
[EventRounds "11"]
[EventCountry "DEN"]
[SourceTitle "CBM 065 Extra"]
[Source "ChessBase"]
[SourceDate "1998.09.09"]
[SourceVersion "1"]
[SourceVersionDate "1998.09.09"]
[SourceQuality "1"]

1. e4 c5 2. Nf3 d6 3. Bb5+ Nc6 4. 0-0 Bd7 5. Re1 a6 6. Bxc6 Bxc6 7. d4 cxd4 8. Qxd4 e5 9. Qd3 Nf6 10. Bg5 Be7 11. Nc3 Qc7 12. Nh4 g6 13. g3 h6 14. Bxf6 Bxf6 15. Ng2 0-0 16. Ne3 Bg7 17. Rad1 Rad8 18. Re2 Rfe8 19. Red2 h5 20. Ncd5 Bxd5 21. Nxd5 Qc8 22. c4 Qg4 23. Kg2 h4 24. h3 Qg5 25. g4 f5 26. exf5 e4 27. Qe3 Qxe3 28. Nxe3 g5 29. b3 Be5 30. c5 1-0

[Event "Politiken Cup 20th"]
[Site "Copenhagen"]
[Date "1998.07.04"]
[Round "1"]
[White "Mortensen, Beatrix"]
[Black "Weclawski, Dorota"]
[Result "1-0"]
[WhiteElo "2065"]
[BlackElo "2050"]
[PlyCount "60"]
[EventDate "1998.07.04"]
[EventType "swiss"]
[EventRounds "11"]
[EventCountry "DEN"]
[SourceTitle "CBM 065 Extra"]
[Source "ChessBase"]
[SourceDate "1998.09.09"]
[SourceVersion "1"]
[SourceVersionDate "1998.09.09"]
[SourceQuality "1"]

1. e4 e6 2. d4 d5 3. e5 c5 4. c3 Bd7 5. Nf3 Qb6 6. Be2 Bb5 7. c4 Bxc4 8. Bxc4 Qb4+ 9. Nbd2 dxc4 10. a3 Qa5 11. 0-0 c3 12. bxc3 Qxc3 13. Rb1 b6 14. Qa4+ Nd7 15. Rxb6 cxd4 16. Rc6 Qd3 17. Rc7 Rd8 18. Nxd4 Ne7 19. N2f3 Nd5 20. Rxa7 N5b6 21. Qc6 Be7 22. a4 0-0 23. a5 Rc8 24. Qb5 Rc4 25. axb6 Rfc8 26. Be3 Nxb6 27. Rxe7 Qa3 28. Re8+ Rxe8 29. Qxe8+ Qf8 30. Qxf8+ Kxf8 1-0

[Event "Lyngby mT"]
[Site "Lyngby"]
[Date "1996.??.??"]
[Round "7"]
[White "Mortensen, Beatrix"]
[Black "Nilsson, Nils Specht"]
[Result "1/2-1/2"]
[WhiteElo "2060"]
[BlackElo "2225"]
[PlyCount "64"]
[EventDate "1996.??.??"]
[EventType "team-tourn"]
[EventRounds "7"]
[EventCountry "DEN"]
[SourceTitle "EXT 1999"]
[Source "ChessBase"]
[SourceDate "1998.11.16"]
[SourceVersion "1"]
[SourceVersionDate "1998.11.16"]
[SourceQuality "1"]

1. e4 e6 2. d4 b6 3. Nf3 Bb7 4. Bd3 g6 5. Nc3 Bg7 6. Be3 Nf6 7. Qd2 d5 8. e5 Nfd7 9. h4 h5 10. Ng5 Nf8 11. Qe2 a6 12. Qf3 Qe7 13. Qf4 Nc6 14. 0-0-0 Rd8 15. g4 hxg4 16. Be2 Nxd4 17. Qxd4 c5 18. Qf4 d4 19. Nce4 Nh7 20. Bd2 Nxg5 21. hxg5 Rxh1 22. Rxh1 Bxe4 23. Qxe4 Rd5 24. Bf4 b5 25. Rh7 Kf8 26. Bxg4 Kg8 27. Rh1 c4 28. Rd1 Qc5 29. Bf3 c3 30. Qd3 Qb4 31. Rh1 Qxb2+ 32. Kd1 Rd8 1/2-1/2

[Event "Olympiad Women-31"]
[Site "Moscow"]
[Date "1994.12.06"]
[Round "6"]
[White "Mortensen, Beatrix"]
[Black "Villegas, Sandra"]
[Result "1/2-1/2"]
[WhiteElo "2100"]
[BlackElo "2065"]
[PlyCount "78"]
[EventDate "1994.12.01"]
[EventType "team-swiss"]
[EventRounds "14"]
[EventCountry "RUS"]
[SourceTitle "EXT 2019"]
[Source "ChessBase"]
[SourceDate "2018.10.10"]
[SourceVersion "1"]
[SourceVersionDate "2018.10.10"]
[SourceQuality "1"]
[WhiteTeam "Denmark (W)"]
[BlackTeam "Argentina (W)"]
[WhiteTeamCountry "DEN"]
[BlackTeamCountry "ARG"]

1. e4 e6 2. d4 d5 3. e5 c5 4. c3 Nc6 5. Nf3 Qb6 6. a3 Bd7 7. b4 cxd4 8. cxd4 Rc8 9. Be2 Nge7 10. 0-0 Ng6 11. Be3 Be7 12. Nbd2 f5 13. exf6 Bxf6 14. Nb3 0-0 15. Nc5 Rf7 16. Ng5 Bxg5 17. Bxg5 a5 18. Bg4 Nf8 19. Rb1 axb4 20. axb4 Ra8 21. Qd2 Qb5 22. Rfe1 Qb6 23. Qc3 Re8 24. Bh5 g6 25. Bg4 Bc8 26. Bh6 Nd8 27. h4 Qd6 28. Ra1 b6 29. Nd3 Nc6 30. Rab1 Qe7 31. Bg5 Qd6 32. Bf3 Ra7 33. Bf4 Qe7 34. Bg5 Qd6 35. b5 Na5 36. Ne5 Nc4 37. Re2 Nxe5 38. dxe5 Qd7 39. Rbe1 Qf7 1/2-1/2

[Event "Olympiad Women-31"]
[Site "Moscow"]
[Date "1994.12.05"]
[Round "5"]
[White "Tazhieva, Lyazzat"]
[Black "Mortensen, Beatrix"]
[Result "1-0"]
[WhiteElo "2250"]
[BlackElo "2100"]
[PlyCount "73"]
[EventDate "1994.12.01"]
[EventType "team-swiss"]
[EventRounds "14"]
[EventCountry "RUS"]
[SourceTitle "EXT 2019"]
[Source "ChessBase"]
[SourceDate "2018.10.10"]
[SourceVersion "1"]
[SourceVersionDate "2018.10.10"]
[SourceQuality "1"]
[WhiteTeam "Kazakhstan (W)"]
[BlackTeam "Denmark (W)"]
[WhiteTeamCountry "KAZ"]
[BlackTeamCountry "DEN"]

1. d4 Nf6 2. Nf3 g6 3. c4 Bg7 4. Nc3 0-0 5. e4 d6 6. Be2 e5 7. 0-0 Nc6 8. d5 Ne7 9. Ne1 Ne8 10. Be3 f5 11. f3 f4 12. Bf2 h5 13. c5 g5 14. cxd6 cxd6 15. a4 Rf6 16. a5 Rg6 17. Nb5 a6 18. Bb6 Qd7 19. Qa4 Nxd5 20. exd5 Qe7 21. Qc2 Qf6 22. Bd3 Rh6 23. Nc7 Nxc7 24. Qxc7 Bf5 25. Bxf5 Qxf5 26. Qc2 Qf7 27. Qe4 g4 28. Rc1 Re8 29. Nd3 Qf6 30. fxg4 hxg4 31. Rxf4 Qh4 32. Rxg4 Qxh2+ 33. Kf1 Rf6+ 34. Ke2 Qh5 35. Rc7 Rf7 36. Rxf7 Qxf7 37. Qg6 1-0

[Event "Olympiad Women-31"]
[Site "Moscow"]
[Date "1994.12.02"]
[Round "2"]
[White "Mortensen, Beatrix"]
[Black "Strutinskaya, Galina N"]
[Result "0-1"]
[WhiteElo "2100"]
[BlackElo "2235"]
[PlyCount "60"]
[EventDate "1994.12.01"]
[EventType "team-swiss"]
[EventRounds "14"]
[EventCountry "RUS"]
[SourceTitle "EXT 2019"]
[Source "ChessBase"]
[SourceDate "2018.10.10"]
[SourceVersion "1"]
[SourceVersionDate "2018.10.10"]
[SourceQuality "1"]
[WhiteTeam "Denmark (W)"]
[BlackTeam "Russia (W) II"]
[WhiteTeamCountry "DEN"]
[BlackTeamCountry "RUS"]

1. e4 c5 2. Nf3 Nc6 3. d4 cxd4 4. Nxd4 Nf6 5. Nc3 e5 6. Ndb5 d6 7. Bg5 a6 8. Na3 b5 9. Bxf6 gxf6 10. Nd5 Bg7 11. c3 Ne7 12. g3 Nxd5 13. exd5 f5 14. Qh5 h6 15. h4 Qb6 16. Nc2 b4 17. cxb4 e4 18. Rb1 Bd7 19. Bc4 Rc8 20. Qe2 Ba4 21. b3 Bc3+ 22. Kf1 Bd7 23. Kg2 Be5 24. Rhc1 Rg8 25. Bxa6 Rc3 26. Kh1 f4 27. Rg1 f3 28. Qd2 Qxa6 29. Nd4 Rd3 30. b5 Qb7 0-1

[Event "Politiken Cup 16th"]
[Site "Copenhagen"]
[Date "1994.??.??"]
[Round "6"]
[White "Mortensen, Beatrix"]
[Black "Hyldkrog, Lars"]
[Result "1-0"]
[WhiteElo "2100"]
[BlackElo "2090"]
[PlyCount "69"]
[EventDate "1994.06.??"]
[EventType "swiss"]
[EventRounds "10"]
[EventCountry "DEN"]
[SourceTitle "EXT 1999"]
[Source "ChessBase"]
[SourceDate "1998.11.16"]
[SourceVersion "1"]
[SourceVersionDate "1998.11.16"]
[SourceQuality "1"]

1. e4 e6 2. d4 d5 3. e5 c5 4. c3 Nc6 5. Nf3 Qb6 6. a3 c4 7. g3 Bd7 8. Nbd2 Na5 9. Bg2 0-0-0 10. 0-0 Be7 11. Rb1 f5 12. exf6 gxf6 13. Re1 h5 14. Nh4 Be8 15. Bh3 f5 16. Rxe6 Nc6 17. Nxf5 Bd7 18. Re1 Bf8 19. Nf3 Bxa3 20. Bg5 Be7 21. Bxe7 Ngxe7 22. Nxe7+ Nxe7 23. Bxd7+ Rxd7 24. Ne5 Rc7 25. Qf3 a6 26. Nf7 Rf8 27. Nd6+ Qxd6 28. Qxf8+ Kd7 29. Re3 Rc8 30. Qf7 Re8 31. Rbe1 Kd8 32. Re6 Qd7 33. Qf6 Qc7 34. Rxe7 Rxe7 35. Qf8+ 1-0

[Event "Espergarde (Women)"]
[Site "Espergarde"]
[Date "1992.??.??"]
[Round "?"]
[White "Hansen, Evgenia"]
[Black "Mortensen, Beatrix"]
[Result "1/2-1/2"]
[WhiteElo "2175"]
[BlackElo "2070"]
[PlyCount "56"]
[EventDate "1992.??.??"]
[EventType "tourn"]
[EventRounds "12"]
[EventCountry "DEN"]
[SourceTitle "EXT 2000"]
[Source "ChessBase"]
[SourceDate "1999.11.16"]
[SourceVersion "1"]
[SourceVersionDate "1999.11.16"]
[SourceQuality "1"]

1. g3 Nf6 2. Bg2 g6 3. d4 Bg7 4. e4 d6 5. Nc3 0-0 6. Nge2 c5 7. dxc5 dxc5 8. Qxd8 Rxd8 9. e5 Ne8 10. Bg5 Bf8 11. Be3 Na6 12. 0-0 Rb8 13. Nb5 Bf5 14. Rac1 e6 15. a3 Nac7 16. Nxc7 Nxc7 17. h3 Nd5 18. Bg5 Be7 19. Bxe7 Nxe7 20. Nc3 g5 21. Ne4 Bxe4 22. Bxe4 Rd4 23. Bg2 b6 24. Rcd1 Rbd8 25. Rxd4 Rxd4 26. Re1 Ng6 27. Re2 Kg7 28. Bf3 Ne7 1/2-1/2

[Event "Espergarde (Women)"]
[Site "Espergarde"]
[Date "1992.??.??"]
[Round "?"]
[White "Mortensen, Beatrix"]
[Black "Haahr, Merete"]
[Result "1-0"]
[WhiteElo "2070"]
[BlackElo "2010"]
[PlyCount "116"]
[EventDate "1992.??.??"]
[EventType "tourn"]
[EventRounds "12"]
[EventCountry "DEN"]
[SourceTitle "EXT 2000"]
[Source "ChessBase"]
[SourceDate "1999.11.16"]
[SourceVersion "1"]
[SourceVersionDate "1999.11.16"]
[SourceQuality "1"]

1. e4 c5 2. Nf3 g6 3. d4 Bg7 4. Nc3 cxd4 5. Nxd4 Nc6 6. Be3 Nf6 7. Bc4 0-0 8. Bb3 d6 9. f3 Bd7 10. Qd2 Qa5 11. h4 Rac8 12. 0-0-0 Ne5 13. g4 Nc4 14. Bxc4 Rxc4 15. Nb3 Qd8 16. e5 Ne8 17. exd6 Nxd6 18. Bd4 Bc6 19. Bxg7 Kxg7 20. Qe2 Rb4 21. a3 Rb6 22. Nd4 Qc7 23. Qe5+ Kg8 24. h5 Nb5 25. Qg5 Nxd4 26. Rxd4 f6 27. Qc5 Qe5 28. Qc4+ Kg7 29. Qd3 Bxf3 30. Rf1 Qg5+ 31. Kb1 Bxg4 32. hxg6 hxg6 33. Qe4 f5 34. Qe5+ Qf6 35. Qe3 Qe6 36. Qf2 Rf7 37. Qh4 Qc6 38. Rd8 Bh5 39. Qd4+ Qf6 40. Qc4 Rc6 41. Qb5 Rb6 42. Qc4 Qe5 43. Qc8 Kh7 44. Rd7 Qg7 45. Rxb7 Rxb7 46. Qxb7 e6 47. Qc6 e5 48. Nd5 e4 49. Qe6 Kh6 50. b3 Rd7 51. Ne3 Kh7 52. Nd5 Rf7 53. c4 Qf8 54. b4 g5 55. Rg1 Qh6 56. Qe5 Kg8 57. Ne7+ Kf8 58. Nxf5 Qg6 1-0

[Event "Espergarde (Women)"]
[Site "Espergarde"]
[Date "1992.??.??"]
[Round "?"]
[White "Mortensen, Beatrix"]
[Black "Hoiberg, Nina"]
[Result "1/2-1/2"]
[WhiteElo "2070"]
[BlackElo "2235"]
[PlyCount "29"]
[EventDate "1992.??.??"]
[EventType "tourn"]
[EventRounds "12"]
[EventCountry "DEN"]
[SourceTitle "EXT 2000"]
[Source "ChessBase"]
[SourceDate "1999.11.16"]
[SourceVersion "1"]
[SourceVersionDate "1999.11.16"]
[SourceQuality "1"]

1. e4 e5 2. Nf3 Nc6 3. Bc4 Nf6 4. d4 exd4 5. e5 d5 6. Bb5 Ne4 7. Nxd4 Bd7 8. Bxc6 bxc6 9. 0-0 Bc5 10. Be3 Bb6 11. Nd2 Nxd2 12. Qxd2 Bxd4 13. Bxd4 0-0 14. c3 Bf5 15. Rae1 1/2-1/2

[Event "Ingrid Larsen Memorial (Women)"]
[Site "Farum"]
[Date "1991.??.??"]
[Round "?"]
[White "Haahr, Merete"]
[Black "Mortensen, Beatrix"]
[Result "1/2-1/2"]
[WhiteElo "2010"]
[BlackElo "2075"]
[PlyCount "87"]
[EventDate "1991.??.??"]
[EventType "swiss"]
[EventRounds "9"]
[EventCountry "DEN"]
[SourceTitle "EXT 2000"]
[Source "ChessBase"]
[SourceDate "1999.11.16"]
[SourceVersion "1"]
[SourceVersionDate "1999.11.16"]
[SourceQuality "1"]

1. g3 Nf6 2. Bg2 g6 3. Nf3 Bg7 4. c4 d6 5. Nc3 e5 6. d3 0-0 7. 0-0 c6 8. Rb1 a5 9. Ne1 Be6 10. Nc2 Na6 11. a3 Qd7 12. Bg5 h6 13. Bxf6 Bxf6 14. Ne4 Bg7 15. f4 exf4 16. Rxf4 f5 17. Nd2 d5 18. e3 Rad8 19. cxd5 Bxd5 20. Bf1 Qe7 21. b4 axb4 22. axb4 Nc7 23. d4 Ne6 24. Rf2 Ng5 25. Bg2 Bxg2 26. Kxg2 Qe6 27. Qf1 h5 28. Qc4 Rd5 29. Rbf1 Kh7 30. Qe2 Re8 31. Qd3 Bh6 32. h4 Ne4 33. Nxe4 Qxe4+ 34. Qxe4 Rxe4 35. Rf3 Rd8 36. Ra1 Rde8 37. Ra3 R8e7 38. Kf2 Re8 39. Ne1 Bg7 40. Nc2 Bf6 41. Ra5 R8e7 42. Rc5 Re8 43. Ra5 Kg7 44. Ra7 1/2-1/2